Najpopularniejsze imiona dla dziewczynek 2018 - Statystyki

Ogólne statystyki
  • Ten quiz został rozwiązany 2 337 razy
  • Średni wynik to 37 z 80
Statystyki odpowiedzi
* Imię % Poprawnych
2966 ANNA
90%
8468 JULIA
87%
4428 ALEKSANDRA
84%
4248 WIKTORIA
82%
8866 ZUZANNA
82%
3920 NATALIA
78%
1596 WERONIKA
78%
786 KATARZYNA
77%
5442 MARIA
75%
5058 OLIWIA
74%
7928 ZOFIA
74%
1622 KAROLINA
71%
976 PAULINA
71%
1721 BARBARA
70%
7723 HANNA
70%
8033 MAJA
68%
623 PATRYCJA
68%
1604 MAGDALENA
67%
742 EWA
66%
7650 LENA
64%
5759 ALICJA
63%
5310 AMELIA
63%
890 JOANNA
62%
920 MAŁGORZATA
62%
2139 MARTYNA
60%
838 MARTA
59%
695 DOMINIKA
57%
463 DARIA
55%
711 KLAUDIA
55%
2053 NIKOLA
55%
3995 EMILIA
53%
447 KAMILA
52%
1609 AGATA
51%
1137 KINGA
51%
622 URSZULA
51%
3114 IGA
50%
3928 LAURA
49%
2933 GABRIELA
48%
3565 POLA
47%
862 IZABELA
46%
3764 ANTONINA
45%
309 SANDRA
45%
2772 HELENA
43%
2413 KORNELIA
43%
2600 NADIA
43%
1724 ŁUCJA
42%
2692 MICHALINA
42%
2251 MILENA
41%
510 OLGA
40%
409 DOROTA
39%
2046 JAGODA
38%
3097 MARCELINA
38%
827 RÓŻA
38%
1106 LILIANNA
33%
1039 SARA
33%
2093 KLARA
32%
1506 NINA
32%
1477 ANASTAZJA
29%
1581 KAJA
28%
647 ADRIANNA
27%
567 LIDIA
27%
573 MARIANNA
26%
739 ELIZA
25%
3155 LILIANA
25%
1563 BLANKA
24%
874 ANIELA
23%
605 MALWINA
21%
949 MATYLDA
19%
1547 NELA
19%
705 ROZALIA
19%
363 ADA
18%
522 AURELIA
17%
693 MIA
16%
856 KALINA
15%
539 LIWIA
15%
430 BIANKA
14%
369 MARIKA
14%
370 GAJA
12%
622 MELANIA
11%
353 ZOJA
8%
Nie znaleziono quizów pasujących do podanych kryteriów
Rozkład punktacji
Procent ludzi z każdym wynikiem
Percentyl według liczby udzielonych odpowiedzi
Twoja historia wyników
Nie rozwiązałeś tego quizu